Historie de Nederlandsche Bank, centrální banky Nizozemska

Holandsko je jednou z ekonomicky najrozvinutejších krajín EÚ, čomu zodpovedá sila jeho bankového sektoru. Pohľad na historický vývoj holandskej národnej banky, ktorá sa nazýva De Nederlandsche Bank.

Salvato in:
Dettagli Bibliografici
Autore principale: Kalabis, Zbyněk
Natura: Capitolo di libro
Lingua:ceco
Soggetti:
Tags: Aggiungi Tag
Nessun Tag, puoi essere il primo ad aggiungerne!!

MARC

LEADER 00000naa a2200000 4500
001 0242704
005 20180510090136.4
041 0 |a cze 
044 |a CZ 
245 1 0 |a Historie de Nederlandsche Bank, centrální banky Nizozemska  |c Zbyněk Kalabis 
520 |a Holandsko je jednou z ekonomicky najrozvinutejších krajín EÚ, čomu zodpovedá sila jeho bankového sektoru. Pohľad na historický vývoj holandskej národnej banky, ktorá sa nazýva De Nederlandsche Bank. 
610 2 0 |a bankovníctvo 
610 2 0 |a Holandsko 
610 2 0 |a banky centrálne 
610 2 0 |a história 
100 1 |a Kalabis, Zbyněk